Super Epic NBC Hannibal Quiz - Statistics

General Stats
  • This quiz has been taken 152 times
  • The average score is 44 of 69
Answer Stats
Hint Answer % Correct
Renowned psychiatrist who also happens to be a cannibalistic serial killer Hannibal Lecter
100%
In S1 EP1, who called Garret Jacob Hobbs with a warning? Hannibal
99%
FBI agent who has a unique gift described by Hannibal as being 'pure empathy' Will Graham
98%
Head of the FBI's behavioural science unit Jack Crawford
97%
Tabloid journalist who generally annoys everybody and tampers with crime scenes Freddie Lounds
94%
The Minnesota Shrike Garret Jacob Hobbs
91%
Surrogate daughter of Will; daughter of the Minnesota Shrike Abigail Hobbs
89%
Patient of Dr. Lecter who suffered years of abuse at the hands of her twin brother Margot Verger
83%
Psychiatrist who was the former love interest of Will Graham and was previously mentored by Dr. Lecter Alana Bloom
82%
Hannibal makes Will repeatedly draw a ____ clock
81%
In S1 EP2, the killer uses his victims as fertilizer to grow ______ Mushrooms
81%
"I gave you a rare ____, but you didn't want it" gift
80%
"This is my ___" design
79%
For the first part of season 3, Hannibal is in ______ (City) Florence
79%
Will discovered that the Minnesota Shrike was a cannibal when it was revealed that his victim had ______ cancer liver
78%
Mason Verger trained _____ to eat human flesh pigs
78%
Wife of the head of FBI BSU Bella Crawford
77%
There is a room in the Hobbs' cabin full of ______, where Marissa's body was mounted. antlers
75%
Jack's wife suffers from stage 4 ______ ______ lung cancer
75%
The word graffitied onto the Hobbs house in S1 EP3 Cannibals
74%
Administrator of the Baltimore State Hospital for the Criminally Insane Frederick Chilton
74%
In S1 EP1, Hannibal is seen cooking which organ? lungs
74%
The titles of all S1 episodes are named after ______ cuisine French
73%
Heir to the Verger fortune and business Mason Verger
73%
In S1 EP1, Will finds a dog on the road and names him _____ Winston
73%
"Killing must feel good to ___ too," god
72%
The titles of all S3 episodes are named after ______ cuisine Italian
72%
Jack's wife tried to ________, but was found by Hannibal kill herself
71%
Abigail killed the _____ of Cassie Boyle brother
70%
Hannibal is known as the _______ _____ Chesapeake Ripper
70%
Witty crime scene investigator who was murdered by Hannibal Beverly Katz
69%
The titles of all S2 episodes are named after ______ cuisine Japanese
69%
In the final scene, we see Bedelia's ____ cooked on a table leg
69%
Abigail's friend Marissa throws a ______ at Nicholas Boyle in S1 EP 3 rock
69%
Murderer who was convinced that he was the Chesapeake Ripper Abel Gideon
67%
Dr. Lecter's psychiatrist Bedelia Du Maurier
67%
"This is all I ever wanted for you Will, for ____ __ ___" both of us
67%
Will is described by multiple characters as being too "______" to have passed the FBI's screening process unstable
67%
Hannibal persuaded Will's doctor not to tell him he had ______ encephalitis
65%
Will wanted to kill Hannibal with ___ _____ his hands
64%
The Minnesota Shrike believed that if he did not ______ every part of his victims, it was just murder. honor
64%
After killing the Red Dragon, while embracing Hannibal, Will says __________ It's beautiful
64%
Francis ____ the painting of The Red Dragon (past tense verb) ate
63%
Jack's trainee who was a victim of the Chesapeake Ripper Miriam Lass
63%
Will's wife in season 3 Molly
63%
The Tooth Fairy, better known as the Red Dragon Francis Dolarhyde
62%
The maid of Hannibal's aunt who carries a shotgun everywhere Chiyoh
57%
In season 3, Bedelia and Hannibal go undercover as Mr and Mrs _____ Fell
54%
In the first episode, Will talks to Hannibal about his distaste for making _____ eye contact
53%
Crime scene investigator who often works alongside ↓ Jimmy Price
53%
The blind girlfriend of the Red Dragon Reba
51%
First victim of the copycat killer Cassie Boyle
50%
Member of the BSU, who specialises in finding cause of death Brian Zeller
49%
Jack's trainee's _____ was discovered in S1 EP x arm
48%
"My thoughts are often not _____" tasty
48%
Killer who admires Will Graham and attempted to murder Hannibal Matthew Brown
43%
Will's step-son in season 3 Walter
39%
While in Florence, Hannibal gives a lecture on Dante
37%
An artwork very significant in season 3 The Red Dragon
37%
Eldon Stammets in S1 EP2 wanted to ______ Will and Abigail connect
36%
In S1 EP2, Eldon Stammets gives the incorrect medication to _____ Diabetics
36%
In Italy, Hannibal was known as the killer __ _____ Il Mostro
36%
"You wouldn't like me when I'm _____" psychoanalysed
36%
Italian inspector who investigated Hannibal Rinaldo Pazzi
36%
Patient of Dr. Lecter who badly wanted to be his friend Franklyn Froideveaux
29%
Hannibal compares himself and Will to the greek heroes _______ Patroclus and Achilles
26%
Victim of the Minnesota Shrike who was placed back into her bed Elise Nichols
16%
The couple killed at the very beginning of S1 EP1 The Marlows
12%
Assistant to Mason Verger Cordell Doemling
11%
No matching quizzes found
Score Distribution
Percent of People with Each Score
Percentile by Number Answered
Your Score History
You have not taken this quiz